NBA 70 Points in a Game - Statistics

General Stats
  • This quiz has been taken 12,567 times
    11,974 since last reset
  • The average score is 7 of 11
Answer Stats
#Times Most Points Player % Correct
1 81 Kobe Bryant
97%
6 100 Wilt Chamberlain
93%
1 83 Bam Adebayo
87%
1 73 Luka Dončić
80%
1 70 Devin Booker
66%
1 70 Joel Embiid
54%
1 71 Donovan Mitchell
53%
1 71 Damian Lillard
49%
1 71 David Robinson
41%
1 73 David Thompson
33%
1 71 Elgin Baylor
29%
No matching quizzes found
Score Distribution
Percent of People with Each Score
Percentile by Number Answered
Your Score History
You have not taken this quiz since the last reset